[Event "Marseille op 4th"]
[Site "Marseille"]
[Date "2011.12.26"]
[Round "2"]
[White "Ouerghi, Rida"]
[Black "Desormes, Olivier"]
[Result "0-1"]
[WhiteElo "1530"]
[BlackElo "1762"]
[PlyCount "58"]
[EventDate "2011.12.26"]
[EventType "swiss"]
[EventRounds "9"]
[EventCountry "FRA"]
[SourceTitle "CBM 146 Extra"]
[Source "ChessBase"]
[SourceDate "2012.02.29"]
[SourceVersion "1"]
[SourceVersionDate "2012.02.29"]
[SourceQuality "1"]

1. e4 e5 2. Nf3 Nf6 3. Nxe5 d6 4. Nf3 Nxe4 5. Bc4 d5 6. Be2 Be7 7. 0-0 0-0 8. d3 Ng5 9. Nbd2 Bg4 10. Nxg5 Bxe2 11. Qxe2 Bxg5 12. Nf3 Bxc1 13. Raxc1 Re8 14. Qd2 Qf6 15. Qb4 b6 16. Rfe1 Nd7 17. Qa4 c6 18. Nd4 b5 19. Rxe8+ Rxe8 20. Qxa7 Qe5 21. g3 Nf6 22. c3 Ng4 23. Qd7 Nxf2 24. Kxf2 Qe3+ 25. Kg2 Qd2+ 26. Kf3 Re3+ 27. Kg4 h5+ 28. Kxh5 Qxh2+ 29. Kg4 Qxg3+ 0-1